<?xml version="1.0" encoding="UTF-8"?>
<marc:record xmlns:marc="http://www.loc.gov/MARC21/slim">
   <marc:leader>00000nam a2200000 a 4500</marc:leader>
   <marc:datafield ind1="1" ind2=" " tag="100">
      <marc:subfield code="a">Fischer, Heide</marc:subfield>
      <marc:subfield code="4">aut</marc:subfield>
      <marc:subfield code="e">Verfasser/-in</marc:subfield>
   </marc:datafield>
   <marc:datafield ind1="0" ind2="0" tag="245">
      <marc:subfield code="a">Frauenheilpflanzen</marc:subfield>
   </marc:datafield>
   <marc:datafield ind1="0" ind2="0" tag="245">
      <marc:subfield code="b">Die 35 wichtigsten Pflanzen und wie sie wirken</marc:subfield>
   </marc:datafield>
   <marc:datafield ind1="0" ind2="0" tag="245">
      <marc:subfield code="c">Fischer, Heide</marc:subfield>
   </marc:datafield>
   <marc:datafield ind1="1" ind2=" " tag="520">
      <marc:subfield code="a">Gesundheitsbewusste Frauen schwören seit Jahren auf Heide Fischers bewährtes Nachschlagewerk. Ausführlich geht die Expertin auf die spezielle Heilkraft ausgewählter Pflanzen bei typischen Frauenleiden wie beispielsweise Menstruationsschmerzen oder Schwangerschaftsübelkeit ein. Darüber hinaus bietet sie umfangreiches Wissen zu Botanik und mythologischer Bedeutung sowie der Verwendung der Pflanzen in Volksmedizin und moderner Pflanzenheilkunde. Zahlreiche Rezepte für Tees, Salben, Räucherung, Dampfbäder und Wickel zeigen, wie man die Pflanzen in der Selbsttherapie erfolgreich anwendet.</marc:subfield>
   </marc:datafield>
   <marc:datafield ind1=" " ind2=" " tag="020">
      <marc:subfield code="a">9783776628470</marc:subfield>
      <marc:subfield code="9">9783776628470</marc:subfield>
   </marc:datafield>
   <marc:datafield ind1=" " ind2=" " tag="020">
      <marc:subfield code="a">3776628472</marc:subfield>
      <marc:subfield code="9">3776628472</marc:subfield>
   </marc:datafield>
</marc:record>
